• 首页
  • 本馆介绍
  • 公告通知
  • 最新文献
  • 馆藏检索
  • 电子资源
  • 读者导购
  • 参考咨询
  • 我的图书馆
  • 登录
  • 详细信息显示
  • 放入我的书架
  • 预约/预借图书
  • 作者相关作品
  • 分类相关作品
  • 丛书相关作品
  • 出版社相关作品

书目信息

  • 表格格式
  • 工作单格式
  • 卡片格式
书名: Gregg college keyboarding & document processing
作者: Scot Ober ... [et al.].
分册号:
分册名:
出版地: New York, N.Y. :
 
出版社: Glencoe/McGraw-Hill
出版时间: c2002.
页数: xxvii, R-22, 493, SB-36, A-3, I-9 p. :
开本: 28 cm.
丛书名:
中图分类号:
科图分类号:
其他分类号: H052
主题词:
电子资源: http://www.loc.gov/catdir/description/mh031/2002275910.html      http://www.loc.gov/catdir/toc/mh031/2002275910.html     
000 01448cam a2200349 a 450
001 E0736469217
005 20070713101514.40
008 020128s2002 nyua 001 0 eng
010    @a2002275910
020    @a0078241766.
040    @aDLC@cDLC@dDLC
050 00 @aZ52.3@b.G74 2002
082 00 @a652.3/0076@2 22
090    @aH052
099    @dH052@ex8=9
245 00 @aGregg college keyboarding & document processing.@nLessons 1-120 / @cScot Ober ... [et al.].
246 30 @aCollege keyboarding & document processing
246 3  @aGregg college keyboarding and document processing
250    @a9th ed.
260    @aNew York, N.Y. :@bGlencoe/McGraw-Hill,@cc2002.
300    @axxvii, R-22, 493, SB-36, A-3, I-9 p. :@bill. (chiefly col.) ;@c28 cm.
500    @aIncludes index.
650  0 @aCommercial correspondence@vProblems, exercises, etc.
650  0 @aKeyboarding@vProblems, exercises, etc.
650  0 @aWord processing@vProblems, exercises, etc.
650  0 @aReport writing@vProblems, exercises, etc.
700 1  @aOber, Scot,@d1946-
856 42 @3 Publisher description@uhttp://www.loc.gov/catdir/description/mh031/2002275910.html
856 41 @3 Table of contents@uhttp://www.loc.gov/catdir/toc/mh031/2002275910.html
906    @a7@bcbc@corigcop@d2@encip@f20@gy-gencatlg
925 0  @aacquire@b1 shelf copy@xpolicy default
955    @apv11 2002-01-28 to HLCD@ilh39 2004-10-01@elk53 2004-10-05 to Dewey@aaa20 2004-10-22
    
    Gregg college keyboarding & document processing.. Lessons 1-120 / / Scot Ober ... [et al.].-9th ed.-New York, N.Y. : : Glencoe/McGraw-Hill, , c2002.
    xxvii, R-22, 493, SB-36, A-3, I-9 p. : : ill. (chiefly col.) ; ; 28 cm.
    Includes index.
    
    ISBN 0078241766.
    
●
相关链接 在E读中查询图书 在五车中查询图书 在当当中查询图书 在豆瓣中查询图书


正题名:Gregg college keyboarding & document processing     索取号:H052/x8=9         预约/预借

序号 登录号 条形码 馆藏地/架位号 状态 备注
1 12973   300129732   第二样本阅览室/ [索取号:H052/x8=9] 在馆    
2 12974   300129741   第四借阅区/ [索取号:H052/x8=9] 在馆    
3 12975   300129750   第四借阅区/ [索取号:H052/x8=9] 在馆    
唐山师范学院图书馆 欢迎您!
大连网信软件有限公司© 版权所有